Impresiones de una mujer a solas : (Record no. 143673)

MARC details
000 -CABECERA
campo de control de longitud fija 00762nam a2200229 u 4500
005 - FECHA Y HORA DE LA ÚLTIMA TRANSACCIÓN
campo de control 20230602063816.0
008 - ELEMENTOS DE LONGITUD FIJA--INFORMACIÓN GENERAL
campo de control de longitud fija 090701s2006 mx r 000 0 spa d
020 ## - NÚMERO INTERNACIONAL NORMALIZADO PARA LIBROS
Número Internacional Estándar del Libro 9703230695 (UNAM)
020 ## - NÚMERO INTERNACIONAL NORMALIZADO PARA LIBROS
Número Internacional Estándar del Libro 9681681606 (FCE)
035 ## - NÚMERO DE CONTROL DEL SISTEMA
Número de control de sistema UPN01000171568
049 ## - COLECCIÓN
Colección CG
050 #4 - SIGNATURA TOPOGRÁFICA DE LA BIBLIOTECA DEL CONGRESO
Número de clasificación PQ7297 M4.63
Número de documento/Ítem I4
100 1# - ASIENTO PRINCIPAL--NOMBRE PERSONAL
Nombre de persona Méndez de Cuenca, Laura,
Fechas asociadas al nombre 1853-1928
245 10 - MENCIÓN DE TÍTULO
Título Impresiones de una mujer a solas :
Resto del título una antología general /
Mención de responsabilidad, etc. Laura Méndez de Cuenca ; selec. y estudio prelim. Pablo Mora.
260 ## - PUBLICACIÓN, DISTRIBUCIÓN, ETC.
Lugar de publicación, distribución, etc. México :
Nombre del editor, distribuidor, etc. FCE :
-- UNAM,
Fecha de publicación, distribución, etc. 2006.
300 ## - DESCRIPCIÓN FÍSICA
Extensión 406 p.
440 #0 - MENCIÓN DE SERIE/ASIENTO SECUNDARIO--TÍTULO
Título Biblioteca americana.
Nombre de parte o sección de la obra Viaje al siglo XIX
650 #4 - ASIENTO SECUNDARIO DE MATERIA - TERMINO TEMATICO
Término de materia o nombre geográfico como elemento de entrada Literatura mexicana
Subdivisión cronológica Siglo XIX
9 (RLIN) 5396
650 #4 - ASIENTO SECUNDARIO DE MATERIA - TERMINO TEMATICO
Término de materia o nombre geográfico como elemento de entrada AUTORAS MEXICANAS
9 (RLIN) 3825
700 1# - ASIENTO SECUNDARIO--NOMBRE DE PERSONAL
Nombre de persona Mora, Pablo,
Término indicativo de función/relación comp.
905 ## - TIPO DE MATERIAL
Tipo de material Libro
Holdings
Estado de retiro Estado de pérdida Fuente del sistema de clasificación o colocación Estado dañado No para préstamo Código de colección Localización permanente Ubicación/localización actual Ubicación en estantería Total de préstamos Clasificación Código de barras Fecha visto por última vez Número de copia Tipo de ítem Koha
    Library of Congress Classification     Colección General Bib. Gregorio Torres Quintero Bib. Gregorio Torres Quintero Planta baja 4 PQ7297 M4.63 I4 266092 31/12/2020 1 Libro